Statistiken für Warrior Cats - Staffel 5

Klicken Sie hier um das Quiz zu spielen!

Allgemein

  • Dieses Quiz wurde 5 mal gespielt
  • Das Durchschnittsergebnis liegt bei 5 aus 6

Antwortstatistiken

BandWarrior Cats - …% Korrekt
Band 1Der Sonnenpfad
100%
Band 6Der Sternenpfad
100%
Band 3Der erste Kampf
80%
Band 4Der Leuchtende Stern
80%
Band 5Der geteilte Wald
60%
Band 2Donnerschlag
60%

Verteilung der Resultate

Perzentil nach korrekt beantworteten Fragen

Anzahl Personen mit jedem Resultat

Ihre Resultats-Entwicklung

Sie haben dieses Quiz noch nicht gespielt